Statistics for NFL Players by Team History

Click here to take the quiz!

General Stats

  • This quiz has been taken 60,079 times
    (25,529 since last reset)
  • The average score is 16 of 22

Answer Stats

PTeamsPlayer% Correct
QBPatriots, BuccaneersTom Brady
100%
QBColts, BroncosPeyton Manning
96%
QBLions, RamsMatthew Stafford
90%
QBChargers, SaintsDrew Brees
88%
TEPatriots, BuccaneersRob Gronkowski
87%
QBFalcons, Packers, Jets, VikingsBrett Favre
81%
QB49ers, ChiefsJoe Montana
80%
WRVikings, Raiders, Patriots,
Vikings, Titans, 49ers
Randy Moss
80%
WR49ers, Raiders, SeahawksJerry Rice
75%
RBBills, Seahawks, Raiders,
Seahawks
Marshawn Lynch
75%
RBCowboys, CardinalsEmmitt Smith
72%
QBFalcons, Eagles, Jets, SteelersMichael Vick
72%
TEChiefs, FalconsTony Gonzalez
72%
CB
Seahawks, 49ers,
Buccaneers
Richard Sherman
65%
CBFalcons, 49ers, Cowboys,
Redskins, Ravens
Deion Sanders
64%
LBBroncos, Rams, BillsVon Miller
64%
RBChargers, JetsLaDainian Tomlinson
63%
KPatriots, ColtsAdam Vinatieri
62%
WR49ers, Eagles, Cowboys,
Bills, Bengals
Terrell Owens
61%
CBJets, Buccaneers, Patriots,
Jets, Chiefs
Darrelle Revis
50%
CBRaiders, Packers, RaidersCharles Woodson
49%
DEEagles, Packers, PanthersReggie White
46%

Score Distribution

Percentile by Number Answered

Percent of People with Each Score

Your Score History

You have not taken this quiz since the last reset